000 00894nam a2200253 i 4500
001 bg
100 1 _aBAUMBACH, Günter
245 1 0 _aLuftreinhaltung :
_bEntstehung, Ausbreitung und Wirkung von Luftverunreinigungen - Meßtechnik, Emissionsminderung und Vorschriften /
_cGünter Baumbach ; unter mitarb. von K. Baumann [et al.].
250 _a3. Aufl.
260 _aBerlin [et al.] :
_bSpringer-Verl.,
_ccop. 1994.
300 _a461 s. :
_brys., wykr. ;
_c24 cm.
504 _aBibliogr. przy rozdz. - Indeks.
650 9 _aPowietrze
_xhigiena i ochrona
_xzagadnienia
650 9 _aŚrodowisko człowieka
_xhigiena i ochrona
_xzagadnienia
650 9 _aAtmosfera
_xhigiena
700 1 _aBAUMANN, Günter.
020 _a3540568239
040 _cBPK
041 0 _ade
080 _a504.3.054:628.5
920 _a3-540-56823-9
942 _cKS
008 s pl f |000 0 pol
999 _c30808
_d30808
856 _uhttp://koha.tu.koszalin.pl/cgi-bin/koha/opac-detail.pl?biblionumber=30808
_yKatalog online BPK